Estudio de las supuestas escorias y tierras cocidas / (Record no. 116756)

MARC details
000 -LEADER
campo de control de longitud fija 00803nam a2200205 4500
001 - NÚMERO DE CONTROL
campo de control 116756
003 - IDENTIFICADOR DE NÚMERO DE CONTROL
campo de control ES-MaACL
005 - FECHA Y HORA DE LA ÚLTIMA TRANSACCIÓN
campo de control 20230906190749.0
007 - CAMPO FIJO DE DESCRIPCIÓN FÍSICA--INFORMACIÓN GENERAL
campo de control de longitud fija t|
008 - DATOS DE LONGITUD FIJA--INFORMACIÓN GENERAL
campo de control de longitud fija 061121s1908 ag r ||||1| spa d
100 1# - ENTRADA PRINCIPAL--NOMBRE DE PERSONA
Nombre de persona Outes, Félix F.
9 (RLIN) 87986
245 10 - MENCIÓN DEL TÍTULO
Título Estudio de las supuestas escorias y tierras cocidas /
Mención de responsabilidad, etc. por Félix F. Outes, Enrique Herrero Ducloux, H. Bucking.
260 ## - PUBLICACIÓN, DISTRIBUCIÓN, ETC.
Lugar de publicación, distribución, etc. Buenos Aires :
Nombre del editor, distribuidor, etc. [s.n.],
Fecha de publicación, distribución, etc. 1908 (
Fabricante Imp. Coni Hermanos)
300 ## - DESCRIPCIÓN FÍSICA
Extensión 31 h., 4 lám. :
Otras características físicas il. ;
Dimensiones 28 cm.
500 ## - NOTA GENERAL
Nota general Es tirada aparte de la Revista del Museo de la Plata, tomo XV, pág. 138-197. Precede al Tit : Universidad Nacional de la Plata.
700 1# - ENTRADA AGREGADA--NOMBRE PERSONAL
Nombre de persona Herrero Ducloux, Enrique.
9 (RLIN) 63308
700 1# - ENTRADA AGREGADA--NOMBRE PERSONAL
Nombre de persona Bucking, H.
9 (RLIN) 32318
710 2# - ENTRADA AGREGADA--NOMBRE DE ENTIDAD CORPORATIVA
Nombre de entidad corporativa o nombre de jurisdicción como elemento de entrada Universidad Nacional de La Plata.
9 (RLIN) 7422
852 ## - LOCALIZACIÓN
Ubicación ES-MaACL
Número de control de estantería G-7759
Holdings
Estatus retirado Estado de pérdida Estado de daño No para préstamo Biblioteca de origen Biblioteca actual Ubicación en estantería Fecha de adquisición Fuente de adquisición Total de préstamos Signatura topográfica completa Código de barras Visto por última vez Precio de reemplazo Tipo de ítem Koha
        Biblioteca del Ateneo de Madrid Biblioteca del Ateneo de Madrid Sala Pecera Planta 3 17/01/2008     G-7759 1121742 23/02/2023 23/02/2023 Libro impreso